00426nam a22001577a 450000500170000001000140001702000260003103500140005703700130007108200110008410000170009524500630011226000400017527000320021530000210024720240402111341.0 aEN-139702 c500.00a9789386016768 aEN-123234 bDBAD/PUB a230.91 aRamesh Singh aThe River Ganga:bThe Life Line of India/cBy Ramesh Singh aAllahbadbMeenakshi Prakashanc2017 a5, Khusro Bagh Roade211001 a160p.;c21cm(hb)